[Event "AUTO-BEG-599"]
[Site "http://www.queenalice.com/game.php?id=1245262"]
[Date "2014.1.4"]
[Round "1"]
[White "saucissonsec"]
[Black "Pancatov"]
[Result "0-1"]
[WhiteElo "1333"]
[BlackElo "1170"]

1. d4 d5 2. e3 Nf6 3. Nf3 Bg4 4. Be2 e6 5. h3 Bh5 6. Nc3 c5 7. Bb5+ Nc6 8. Bxc6+
bxc6 9. O-O cxd4 10. exd4 c5 11. Be3 cxd4 12. Bxd4 Rc8 13. Bxa7 Bd6 14. Qd3 Bg6
15. Qa6 O-O 16. Rfe1 Bxc2 17. Rac1 Bg6 18. Nb5 Bf4 19. Rxc8 Qxc8 20. Qb6 Qc4 21.
b3 Qb4 22. g3 Bh6 23. h4 Be4 24. Ne5 Qxe1+ 0-1

[Event "Let's Play Chess!"]
[Site "http://www.queenalice.com/game.php?id=1245462"]
[Date "2014.1.4"]
[Round "-"]
[White "saucissonsec"]
[Black "Erithacus"]
[Result "0-1"]
[WhiteElo "1218"]
[BlackElo "1500"]

1. d4 b5 2. e4 Bb7 3. Nd2 g6 4. Bxb5 a6 5. Ba4 Bg7 6. Ngf3 Nf6 7. e5 Nd5 8. O-O
O-O 9. Ne4 Nc6 10. Bb3 e6 11. h3 d6 12. exd6 cxd6 13. Bxd5 exd5 14. Nc3 Na5 15.
b4 Nc4 16. a3 Qd7 17. Re1 Qc6 18. Bf4 Rae8 19. Nd2 Bxd4 20. Rxe8 Rxe8 21. Nxc4
dxc4 22. Qxd4 Qxg2# 0-1

[Event "Let's Play Chess!"]
[Site "http://www.queenalice.com/game.php?id=1245466"]
[Date "2014.1.5"]
[Round "-"]
[White "saucissonsec"]
[Black "ChessLeticia"]
[Result "0-1"]
[WhiteElo "1333"]
[BlackElo "1777"]

1. d4 Nf6 2. Nc3 d5 3. e3 g6 4. Nf3 Bg7 5. Bd3 O-O 6. h3 c6 7. O-O Nbd7 8. a3
Qe8 9. b4 e5 10. Re1 e4 11. Ne5 Nxe5 12. dxe5 Qxe5 13. Bb2 exd3 14. Qxd3 Qg5 15.
f4 Qg3 16. Ne2 Qh4 17. Rad1 Bf5 18. Qd2 Ne4 19. Bxg7 Nxd2 20. Bxf8 Nf3+ 21. gxf3
Kxf8 22. Kf1 Qxh3+ 23. Kf2 Qh2+ 0-1

[Event "Let's Play Chess!"]
[Site "http://www.queenalice.com/game.php?id=1245467"]
[Date "2014.1.5"]
[Round "-"]
[White "ChessLeticia"]
[Black "saucissonsec"]
[Result "1-0"]
[WhiteElo "1893"]
[BlackElo "1285"]

1. e4 e5 2. d3 Nf6 3. Nf3 d6 4. g3 Nc6 5. Bg2 Be7 6. O-O O-O 7. c3 a6 8. Nbd2 b5
9. d4 Bb7 10. Re1 h6 11. Nf1 Nh7 12. h4 h5 13. Ne3 exd4 14. cxd4 g6 15. d5 Ne5
16. Nxe5 dxe5 17. Bd2 c6 18. Bc3 b4 19. Bxe5 Bf6 20. Qd4 Bxe5 21. Qxe5 Re8 22.
Qf4 Rc8 23. Rad1 Qa5 24. d6 Rb8 25. d7 Red8 26. e5 Qxa2 27. Nc4 1-0

[Event "AUTO-INT-2788"]
[Site "http://www.queenalice.com/game.php?id=1245555"]
[Date "2014.1.5"]
[Round "1"]
[White "zemaria"]
[Black "saucissonsec"]
[Result "1-0"]
[WhiteElo "1651"]
[BlackElo "1216"]

1. e4 e5 2. d4 d5 3. Nc3 exd4 4. Qxd4 Ne7 5. e5 Nbc6 6. Qd1 Nxe5 7. f3 g6 8. Be3
Nf5 9. Bd4 Bg7 10. Nge2 Nxd4 11. Nxd4 O-O 12. b3 b6 13. Bb5 Bd7 14. O-O 1-0

[Event "AUTO-INT-2788"]
[Site "http://www.queenalice.com/game.php?id=1245556"]
[Date "2014.1.5"]
[Round "1"]
[White "saucissonsec"]
[Black "zemaria"]
[Result "0-1"]
[WhiteElo "1218"]
[BlackElo "1649"]

1. d4 d5 2. e3 e5 3. e4 Nc6 4. Ne2 Be6 5. Nbc3 Bd6 6. exd5 exd4 7. Nxd4 Nxd4 8.
Qxd4 Ke7 9. dxe6 f6 10. Bc4 Nh6 11. Bxh6 gxh6 12. O-O-O a6 13. Qh4 Qf8 14. Nd5+
Kxe6 0-1

[Event "AUTO-INT-2788"]
[Site "http://www.queenalice.com/game.php?id=1245567"]
[Date "2014.1.5"]
[Round "1"]
[White "sockmonster"]
[Black "saucissonsec"]
[Result "1-0"]
[WhiteElo "1309"]
[BlackElo "1283"]

1. d4 d5 2. c4 Nf6 3. cxd5 Nxd5 4. e4 Nb6 5. Nf3 e6 6. Nc3 Be7 7. Bf4 Nc6 8. Bb5
Bd7 9. O-O a6 10. Bxc6 Bxc6 11. Re1 O-O 12. Qc2 h6 13. Rad1 Bf6 14. e5 Bxf3 15.
gxf3 Nd5 16. Nxd5 1-0

[Event "AUTO-INT-2788"]
[Site "http://www.queenalice.com/game.php?id=1245568"]
[Date "2014.1.5"]
[Round "1"]
[White "saucissonsec"]
[Black "sockmonster"]
[Result "0-1"]
[WhiteElo "1268"]
[BlackElo "1324"]

1. d4 d5 2. e3 Nf6 3. Nc3 Bf5 4. Nf3 e6 5. Be2 c5 6. h3 Nc6 7. a3 Qc7 8. Nh4 Bg6
9. Nxg6 hxg6 10. O-O Bd6 11. dxc5 Bxc5 12. b4 Bd6 13. Bb2 O-O-O 14. b5 Ne5 15.
Rb1 Nc4 16. Bxc4 Qxc4 17. a4 Bb4 0-1

[Event "AUTO-BEG-600"]
[Site "http://www.queenalice.com/game.php?id=1247276"]
[Date "2014.1.11"]
[Round "1"]
[White "DAN1958"]
[Black "saucissonsec"]
[Result "1-0"]
[WhiteElo "1240"]
[BlackElo "1322"]

1. e4 e5 2. Nf3 Nc6 3. a3 d6 4. d3 Nf6 5. Nc3 Be7 6. h3 O-O 7. Be3 h6 8. Nb5 Bd7
9. c4 a6 10. Nc3 b6 11. Qb3 b5 12. g4 Nh7 13. Ke2 bxc4 14. dxc4 Rb8 15. Qc2 Bg5
16. Nxg5 Nxg5 17. f3 Be6 18. Kf2 a5 19. Rd1 Qf6 20. Bg2 1-0

[Event "AUTO-BEG-600"]
[Site "http://www.queenalice.com/game.php?id=1247277"]
[Date "2014.1.11"]
[Round "1"]
[White "saucissonsec"]
[Black "DAN1958"]
[Result "0-1"]
[WhiteElo "1303"]
[BlackElo "1259"]

1. d4 d5 2. e3 e6 3. Nf3 Nc6 4. Nc3 a6 5. Be2 Nf6 6. O-O Bd6 7. h3 h6 8. a3 O-O
9. b4 b5 10. Bd3 Qe7 11. Qe2 Nd7 12. e4 Re8 13. Re1 Nf6 14. Bb2 dxe4 15. Bxe4
Nxe4 16. Qxe4 Bd7 17. Bc1 f5 18. Qe2 f4 19. d5 exd5 20. Qxe7 Rxe7 0-1

[Event "AUTO-BEG-601"]
[Site "http://www.queenalice.com/game.php?id=1249986"]
[Date "2014.1.21"]
[Round "1"]
[White "hrob"]
[Black "saucissonsec"]
[Result "1-0"]
[WhiteElo "1617"]
[BlackElo "1331"]

1. e4 e5 2. Nf3 d6 3. Bc4 Nf6 4. Nc3 Nc6 5. Ng5 Be6 6. Nxe6 fxe6 7. Bxe6 Qe7 8.
Nd5 Nxd5 9. Bxd5 Qg5 10. O-O O-O-O 11. d3 1-0

[Event "AUTO-BEG-601"]
[Site "http://www.queenalice.com/game.php?id=1249987"]
[Date "2014.1.21"]
[Round "1"]
[White "saucissonsec"]
[Black "hrob"]
[Result "0-1"]
[WhiteElo "1326"]
[BlackElo "1622"]

1. d4 Nf6 2. Nc3 d5 3. e3 c5 4. Nf3 Nc6 5. dxc5 e6 6. Be2 Bxc5 7. O-O O-O 8. h3
e5 9. a3 a6 10. b4 Ba7 11. Bb2 e4 0-1